000 00750cam a22002413a 4500
001 15792
003 PGUSA
005 20140828083334.0
008 050507s2005||||xxu|||||s|||||000 | eng d
040 _aPGUSA
_beng
042 _adc
050 4 _aGR
100 1 _aNapier, James,
_d1810-1884
245 1 0 _aFolk Lore :
_bSuperstitious Beliefs in the West of Scotland within This Century
_h[electronic resource] /
_cJames Napier
260 _bProject Gutenberg,
_c2005
506 _aPublic domain in the USA.
516 _aElectronic text
653 _aScotland -- Social life and customs -- 19th century
653 _aFolklore -- Scotland
830 0 _aProject Gutenberg
_v15792
856 4 0 _uhttp://www.gutenberg.org/ebooks/15792
942 _cEB
999 _c245047
_d245047